| 000 | 01008nam a2200229 u 4500 | ||
|---|---|---|---|
| 001 | 000612475 | ||
| 003 | AM-YeHGA | ||
| 005 | 20250618073039.0 | ||
| 008 | 081114s1903 ||| r 000 0 fre d | ||
| 040 | _aAM-YeHGA | ||
| 041 | 1 |
_afre _brus |
|
| 100 | 1 | _aМольер, Жан-Батист | |
| 245 | 1 | 0 |
_aСкупой = _bL'Avare : Комедия Мольера / _cТекст с введенiемъ, прим. и словаремъ объяснил К.Л. Фельи. |
| 246 | 1 | 1 |
_aL'Avare : _bComedie en cinq actes |
| 260 |
_aСанкт-Петербург : _bИзд. С.А. Манштейна , _c1903. |
||
| 300 | _a138 с. | ||
| 440 | 0 | _aИзбранныя произведенiя немецких и французских писателей для класснаго и домашняго чтенiя | |
| 546 | _aВведение на рус. | ||
| 650 | 1 | 4 |
_aՖրանսիական գրականություն _94810 |
| 700 | 1 |
_aФельи, К.Л. _eавт. примеч. _4aui |
|
| 090 | _c206726 | ||
| 999 |
_c205228 _d205228 |
||